[Event "DEN-chT26 B3 corr"]
[Site "Denmark"]
[Date "2001.??.??"]
[Round "?"]
[White "Christiansen, Poul"]
[Black "Petersen, Benny Roland"]
[Result "1/2-1/2"]
[WhiteElo "1866"]
[BlackElo "2085"]
[PlyCount "70"]
[EventDate "2001.03.12"]
[EventType "team (corr)"]
[EventRounds "6"]
[EventCountry "DEN"]
[SourceTitle "Corr 2004"]
[Source "ChessBase"]
[SourceDate "2003.04.28"]
[SourceVersion "3"]
[SourceVersionDate "2003.04.28"]
[SourceQuality "1"]

1. e4 d6 2. d4 Nf6 3. Nc3 g6 4. f4 Bg7 5. Nf3 c5 6. Bb5+ Bd7 7. Bxd7+ Nbxd7 8. e5 Nh5 9. Ne4 cxd4 10. exd6 0-0 11. 0-0 exd6 12. Nxd4 Re8 13. Nf2 Qb6 14. c3 Nc5 15. f5 Ne4 16. Qf3 d5 17. fxg6 fxg6 18. Nxe4 dxe4 19. Qf7+ Kh8 20. Be3 Qxb2 21. Rab1 Qxc3 22. Rb3 Qxe3+ 23. Rxe3 Bxd4 24. Qb3 Rf8 25. g3 b6 26. Kg2 Rxf1 27. Kxf1 Bxe3 28. Qxe3 Rf8+ 29. Ke2 Nf6 30. g4 Nxg4 31. Qxe4 Nh6 32. Qd4+ Kg8 33. Qd7 Rf7 34. Qe8+ Kg7 35. Qe5+ Kg8 1/2-1/2